000 01233nam a2200277 a 4500
005 20161214115941.0
008 150226s2014 ck d gr 00010 spa d
020 _a9789587619980
040 _aCO-BoBLA
_cCO-BoBLA
_dCO-BoIAVH
041 0 _aspa
044 _ack
082 0 4 _a333.7209861
_bD31i
245 0 0 _aDefinición de los indicadores de la línea base ambiental de Caldas.
_ceditado por Germán A. Osorio-Zuluaga y Néstor Darío Duque Méndez
250 _aPrimera edición
260 _aManizales (Colombia) :
_bCORPOCALDAS :
_bUniversidad Nacional de Colombia (Sede Manizales) . Instituto de Estudios Ambientales,
_c2014.
300 _ax, 95 páginas :
_btablas y gráficas ;
_c24 x 18 cm +
_e1 CD-ROM
504 _aIncluye referencias bibliográficas.
650 2 6 _aMedio ambiente
_xConservación
_zCaldas (Colombia)
650 2 6 _aGestión ambiental
_zCaldas (Colombia)
650 2 6 _aProtección ambiental
_zCaldas (Colombia)
650 2 6 _aIndicadores ecológicos
_zCaldas (Colombia)
650 2 6 _aRecursos naturales
_zCaldas (Colombia)
700 1 _aOsorio-Zuluaga, Germán A.
_eeditor
700 1 _aDuque Méndez, Néstor Darío
_eeditor
942 _2ddc
_cLIBRO
999 _c19172
_d19172